Giáo trình Word 2010 dành cho người tự học

Nội dung tài liệu bao gồm 14 chương: làm quen với giao diện word 2010, nhập và soạn thảo văn bản, định dạng văn bản, định dạng theo khu vực, các kiểu định dạng, Template, các công cụ hỗ trợ, các phương thức hiển thị, in trong word 2010, khung, tài li...

Deskribapen osoa

Gorde:
Xehetasun bibliografikoak
Egile nagusia: Phạm, Quang Huy
Formatua: Liburua
Hizkuntza:Undetermined
Argitaratua: Hà Nội Thông tin và truyền thông 2010
Gaiak:
Etiketak: Etiketa erantsi
Etiketarik gabe, Izan zaitez lehena erregistro honi etiketa jartzen!
Thư viện lưu trữ: Trung tâm Học liệu Trường Đại học Cần Thơ
LEADER 01064nam a2200205Ia 4500
001 CTU_174209
008 210402s9999 xx 000 0 und d
020 |c 56000 
082 |a 005.52 
082 |b H523 
100 |a Phạm, Quang Huy 
245 0 |a Giáo trình Word 2010 dành cho người tự học 
245 0 |c Phạm Quang Huy, Võ Duy Thanh Tâm 
260 |a Hà Nội 
260 |b Thông tin và truyền thông 
260 |c 2010 
520 |a Nội dung tài liệu bao gồm 14 chương: làm quen với giao diện word 2010, nhập và soạn thảo văn bản, định dạng văn bản, định dạng theo khu vực, các kiểu định dạng, Template, các công cụ hỗ trợ, các phương thức hiển thị, in trong word 2010, khung, tài liệu dài, autotext và macro, bảng biểu, đồ họa. 
650 |a Word (Computer programs),Word (chương trình máy tính) 
910 |a phuong,Hải 
980 |a Trung tâm Học liệu Trường Đại học Cần Thơ